|
|
|
|
| LEADER |
00000nam a2200000 a 4500 |
| 001 |
vtls001149054 |
| 003 |
SK-MaSNL |
| 005 |
20260302064631.0 |
| 008 |
240314s1981 CS 0 cze |
| 035 |
|
|
|a SNK000091914
|
| 040 |
|
|
|a SNK
|b slo
|c SNK
|e AACR2
|
| 041 |
0 |
|
|a cze
|
| 044 |
|
|
|a [CS]
|
| 080 |
|
|
|a 371.671:802.0
|2 1981
|
| 100 |
1 |
|
|a Zábojová, Eva
|4 aut
|9 61332
|
| 245 |
1 |
0 |
|a Angličtina pro jazykové školy (I.)
|c Eva Zábojová, Jaroslav Peprník, Stella Nangonová
|
| 250 |
|
|
|a 1. vyd.
|
| 260 |
|
|
|a Praha
|b Státní pedagogické nakladatelství
|c 1981
|
| 300 |
|
|
|a 262, [1] s.
|c 8°
|
| 490 |
0 |
|
|a Metodické příručky k učebnicím
|
| 700 |
1 |
|
|a Peprník, Jaroslav,
|d 1927-
|4 aut
|9 90477
|
| 700 |
1 |
|
|a Nangonová, Stella,
|d 1938-2020
|4 aut
|9 258384
|
| 958 |
|
|
|a OND
|
| 999 |
|
|
|c 1138495
|d 1140425
|
| 952 |
|
|
|t P60, <04>, [BOOK], {604}
|a SNK
|b SNK
|y VYP
|7 0
|p 17A0016064
|o snkIC 85149/1
|0 0
|1 0
|4 0
|d 1996-10-29
|l 0
|r 2005-01-01 00:00:00
|w 2026-02-24
|